000 00789nam a2200229Ii 4500
003 JO-AjNU
008 230605s9999||||xx |||||||||||||| ||und||
017 _a2009/4/1473
020 _a978-9957-70-211-3
040 _aJO-AjNU
_bara
_erda
_cJO-AjNU
041 _aara
050 1 4 _aPJ7542.Q3.U296 2010
100 3 _aعبيد، محمد صابر,
_eauthor
_943305
245 0 0 _aالعلامة الشعرية قراءات في تقانات القصيدة الجديدة
250 _aط1
264 3 1 _aاربد: عالم الكتب الحديث، 2009
300 _a252ص
336 _atext
_btxt
_2rdacontent
337 _aunmediated
_bn
_2rdamedia
338 _avolume
_bnc
_2rdacarrier
650 4 _aالشعر العربي-النقد الأدبي-التحليل الأدبي
_943306
999 _aA18608
_c22176
_d22176